00875nam a2200217 i 450000100060000000300090000600500170001500700030003200800410003510000300007624501540010626000850026030000220034549000370036770000250040470000250042983000450045485200210049999900170052095201200053775131ES-MaACL20230906172338.0t|040922s1902 fr ||||1| fre d1 aGor'kiï, Maksim.95912814aLes petits bourgeois (la famille Bezseménoff) b: pièce en quatre actes / cMáximo Gorki (seud.) ; traduite par E. Séménoff et E. Smirnoff. aParis : bSociété du Mercure de France, c1902 (ePoitiers : fBlais et Roy) a266 p. ; c19 cm.1 aCollection d'auteurs étrangers1 aSemenoff, E.91834791 aSmirnoff, E.91068380 aCollection d'auteurs étrangers9183465 aES-MaACLjF-9550 c75131d75131 00104070aATENEOMbATENEOMcSPP2d2008-01-17eSCl0oF-9550p1078637r2023-02-23 00:00:00w2023-02-23yMONOGRAFIA